Nueva guía de Cuenca
Salvato in:
| Autore principale: | |
|---|---|
| Natura: | Libro |
| Lingua: | spagnolo |
| Pubblicazione: |
Madrid
Paraninfo
1958
|
| Soggetti: | |
| Tags: |
Aggiungi Tag
Nessun Tag, puoi essere il primo ad aggiungerne!!
|
MARC
| LEADER | 00000nam a2200000 a 4500 | ||
|---|---|---|---|
| 001 | UCT3680 | ||
| 003 | CL-VaPUC | ||
| 008 | 961024e19580000SP |||||||||||||||||spa|d | ||
| 082 | 0 | 4 | |a 910.202 |b GOM |2 21 |
| 100 | 0 | |a Gómez de Travecedo, Francisco |e author |9 372634 | |
| 245 | 1 | 0 | |a Nueva guía de Cuenca |
| 300 | |a 198 p | ||
| 942 | |c BK | ||
| 945 | |d 19961024 00:00:00 |a nastorga | ||
| 260 | |a Madrid |b Paraninfo |c 1958 | ||
| 650 | 7 | |a GUIAS TURISTICAS |2 CL-VaPUC |9 346990 | |
| 650 | 0 | |a Ciudades |9 265474 | |
| 650 | 0 | |a Climatología |9 262302 | |
| 650 | 0 | |a Historia |9 255047 | |
| 650 | 7 | |a FOLKLORE |2 CL-VaPUC |9 268291 | |
| 650 | 7 | |a COSTUMBRES ALIMENTICIAS |2 CL-VaPUC |9 372635 | |
| 650 | 0 | |a Monumentos |9 265246 | |
| 650 | 0 | |a Edificios |9 260501 | |
| 650 | 0 | |a Vivienda |9 258662 | |
| 651 | 7 | |a CUENCA |2 CL-VaPUC |9 314273 | |
| 651 | 0 | |a España |9 254926 | |
| 583 | |a last modification |c 19961024 00:00:00 |k Rodrigo Vera | ||
| 999 | |c 253240 |d 253238 | ||
| 952 | |0 0 |1 0 |4 0 |6 910_202000000000000_GOM_1958 |7 0 |8 P |9 273903 |a BIBARQ |b BIBARQ |d 2019-11-19 |i 3245314 |o 910.202 GOM 1958 |p 3245314 |r 2025-01-20 |w 2019-11-19 |y BK |k ARQ | ||